00637nam a2200217Ia 4500003000400000005001700004006001800021007000300039008004100042024001100083037001800094040001800112041001300130100002300143110006200166245007400228260000900302650002100311700002500332700006200357OSt20220930204335.0a|||||r|||| 00| 0ta220926b |||||||| |||| 00| 0 hin d a118119 cDissertations aCRLcCRLbhin 2hinahin aMeena Satyanarayan aUniversity of Delhi. Faculty of Arts. Department of Hindi 0aKaidarnath Singh ki kavya drishti (Sandarbha b Bhagha kavya sangrah) c2010 aHINDI LITERATURE a Dr. Manju Mukul Gu. aUniversity of Delhi. Faculty of Arts. Department of Hindi